[Event "Titled Tuesday intern op 1st Nov 10am"]
[Site "Chess.com INT"]
[Date "2016.11.01"]
[Round "1"]
[White "Labeckas, Kestutis"]
[Black "Andrejkin, Dmitry"]
[Result "1-0"]
[WhiteElo "2347"]
[BlackElo "2155"]
[PlyCount "81"]
[EventDate "2016.11.01"]
[EventType "swiss (blitz)"]
[EventRounds "9"]
[EventCountry "USA"]
[SourceTitle "EXT 2021"]
[Source "ChessBase"]
[SourceDate "2020.10.23"]
[SourceVersion "1"]
[SourceVersionDate "2020.10.23"]
[SourceQuality "1"]

1. d4 Nf6 2. Bg5 e6 3. e4 h6 4. Bxf6 Qxf6 5. Qd2 d5 6. Nc3 Bb4 7. e5 Qd8 8. a3 Bxc3 9. Qxc3 Nd7 10. f4 b6 11. Qg3 0-0 12. Nf3 c5 13. c3 c4 14. Be2 b5 15. Qh3 a5 16. g4 Re8 17. g5 hxg5 18. Nxg5 Nf8 19. Rg1 Ra7 20. Qg4 g6 21. h4 f6 22. Nf3 f5 23. Qh3 Rh7 24. h5 Bd7 25. h6 Kh8 26. Kf2 Rhe7 27. Rg2 Rh7 28. Rag1 Qe7 29. Ng5 Rf7 30. Rh2 Rh7 31. Qh4 Bc8 32. Nxh7 Nxh7 33. Qxe7 Rxe7 34. Rxg6 Re8 35. Rhg2 Bd7 36. Rg7 Bc6 37. Bh5 Rd8 38. Rc7 Ba8 39. Rgg7 Nf8 40. h7 Rb8 41. Rg8# 1-0

[Event "Titled Tuesday intern op 30th Dec"]
[Site "Chess.com INT"]
[Date "2014.12.30"]
[Round "7"]
[White "Balog, Imre1111"]
[Black "Labeckas, Kestutis"]
[Result "1-0"]
[WhiteElo "2531"]
[BlackElo "2347"]
[PlyCount "99"]
[EventDate "2014.12.30"]
[EventType "swiss (blitz)"]
[EventRounds "9"]
[EventCountry "USA"]
[SourceTitle "EXT 2021"]
[Source "ChessBase"]
[SourceDate "2020.10.23"]
[SourceVersion "1"]
[SourceVersionDate "2020.10.23"]
[SourceQuality "1"]

1. c4 c6 2. d4 d5 3. Nf3 Nf6 4. Qc2 g6 5. Bf4 Bg7 6. e3 0-0 7. Bd3 dxc4 8. Bxc4 Bf5 9. Qb3 Qb6 10. Nc3 Nbd7 11. h3 Ne4 12. 0-0 Qxb3 13. Bxb3 Nxc3 14. bxc3 h6 15. Rfe1 g5 16. Bg3 Be4 17. Nd2 Bg6 18. e4 e5 19. Nf3 exd4 20. cxd4 Rfe8 21. e5 Rad8 22. Rad1 Nb6 23. e6 fxe6 24. h4 gxh4 25. Bxh4 Ra8 26. Ne5 Bxe5 27. Rxe5 Nd5 28. Rde1 Kf7 29. f3 a5 30. a3 a4 31. Ba2 b5 32. Rc1 Ra6 33. Be1 Re7 34. g3 Rb6 35. Kf2 Kf6 36. Bd2 Kg7 37. Rh1 h5 38. Rhe1 Kf7 39. g4 hxg4 40. fxg4 Rb8 41. Kg3 Bc2 42. Bg5 Ree8 43. R1e2 Bb3 44. Bb1 Rg8 45. Rf2+ Ke8 46. Rxe6+ Kd7 47. Re5 Rbe8 48. Rf7+ Kd6 49. Bf5 Rxe5 50. Rd7# 1-0

[Event "LTU-chT"]
[Site "Lithuania"]
[Date "2014.03.16"]
[Round "7.5"]
[White "Labeckas, Kestutis"]
[Black "Feofanov, Boris"]
[Result "1-0"]
[WhiteElo "2348"]
[BlackElo "1842"]
[PlyCount "49"]
[EventDate "2014.01.25"]
[EventType "team-swiss"]
[EventRounds "7"]
[EventCountry "LTU"]
[SourceTitle "EXT 2015"]
[Source "ChessBase"]
[SourceDate "2014.11.20"]
[SourceVersion "1"]
[SourceVersionDate "2014.11.20"]
[SourceQuality "1"]
[WhiteTeam "Panevezys"]
[BlackTeam "Vilnius Fortas"]
[WhiteTeamCountry "LTU"]
[BlackTeamCountry "LTU"]

1. d4 d5 2. Nf3 Nf6 3. e3 e6 4. Bd3 Be7 5. Nbd2 Nbd7 6. b3 c5 7. Bb2 a6 8. c4 b6 9. 0-0 Bb7 10. Rc1 0-0 11. Bb1 Rc8 12. cxd5 Nxd5 13. Ne4 N5f6 14. Ng3 Re8 15. Qe2 b5 16. Ne5 Nf8 17. dxc5 Rxc5 18. Rxc5 Bxc5 19. Rd1 Qa8 20. Nh5 Nxh5 21. Qxh5 Ng6 22. Nxg6 Bxg2 23. Nf4 Bf3 24. Qxh7+ Kf8 25. Qxg7+ 1-0

[Event "LTU-ch sf"]
[Site "Vilnius"]
[Date "2014.02.21"]
[Round "6"]
[White "Labeckas, Kestutis"]
[Black "Bastys, Robertas"]
[Result "1/2-1/2"]
[WhiteElo "2348"]
[BlackElo "2236"]
[PlyCount "61"]
[EventDate "2014.02.17"]
[EventType "swiss"]
[EventRounds "8"]
[EventCountry "LTU"]
[SourceTitle "CBM 158 Extra"]
[Source "ChessBase"]
[SourceDate "2014.02.28"]
[SourceVersion "1"]
[SourceVersionDate "2014.02.28"]
[SourceQuality "1"]

1. d4 Nf6 2. Bf4 d5 3. e3 Bf5 4. Nf3 e6 5. Nbd2 Bd6 6. c3 0-0 7. Qb3 Bxf4 8. exf4 c5 9. Be2 Qc7 10. g3 Ne4 11. Nxe4 dxe4 12. Nh4 cxd4 13. Nxf5 exf5 14. cxd4 Nc6 15. Rd1 Rfd8 16. d5 Qa5+ 17. Kf1 Nb4 18. a3 Nxd5 19. Bc4 Nf6 20. Bxf7+ Kh8 21. Kg2 Qc5 22. h3 b5 23. Rxd8+ Rxd8 24. Rd1 Rxd1 25. Qxd1 Qb6 26. Ba2 g6 27. Qd2 Kg7 28. Qb4 Qb7 29. Qd6 h5 30. Qe5 Qd7 31. Bb3 1/2-1/2

[Event "LTU-ch sf"]
[Site "Vilnius"]
[Date "2014.02.17"]
[Round "1"]
[White "Voronov, Vadim"]
[Black "Labeckas, Kestutis"]
[Result "0-1"]
[WhiteElo "1865"]
[BlackElo "2348"]
[PlyCount "70"]
[EventDate "2014.02.17"]
[EventType "swiss"]
[EventRounds "8"]
[EventCountry "LTU"]
[SourceTitle "CBM 158 Extra"]
[Source "ChessBase"]
[SourceDate "2014.02.28"]
[SourceVersion "1"]
[SourceVersionDate "2014.02.28"]
[SourceQuality "1"]

1. e4 c6 2. d4 d5 3. Nc3 dxe4 4. Nxe4 Bf5 5. Ng3 Bg6 6. Nf3 Nd7 7. h4 h6 8. h5 Bh7 9. Bd3 Bxd3 10. Qxd3 e6 11. Bf4 Qa5+ 12. Bd2 Bb4 13. c3 Be7 14. 0-0 Ngf6 15. c4 Qc7 16. c5 0-0 17. Rfe1 Rfe8 18. b4 Rad8 19. Rad1 Nd5 20. a3 Bf8 21. Qb3 b6 22. cxb6 axb6 23. Rc1 c5 24. Be3 Qb8 25. b5 Nxe3 26. Rxe3 Nf6 27. dxc5 Bxc5 28. Rec3 Bxf2+ 29. Kxf2 Ng4+ 30. Kg1 Qxg3 31. Qc2 e5 32. Rc7 e4 33. Qc4 Re6 34. Ne1 Qh2+ 35. Kf1 Ne3+ 0-1

[Event "LTU-ch"]
[Site "Vilnius"]
[Date "2013.04.20"]
[Round "8"]
[White "Sakalauskas, Vaidas"]
[Black "Labeckas, Kestutis"]
[Result "1-0"]
[WhiteElo "2402"]
[BlackElo "2354"]
[PlyCount "99"]
[EventDate "2013.04.20"]
[EventType "tourn"]
[EventRounds "11"]
[EventCountry "LTU"]
[EventCategory "4"]
[SourceTitle "CBM 154 Extra"]
[Source "ChessBase"]
[SourceDate "2013.06.25"]
[SourceVersion "2"]
[SourceVersionDate "2013.06.25"]
[SourceQuality "1"]

1. d4 d5 2. c4 c6 3. Nf3 Nf6 4. Nc3 a6 5. c5 Bg4 6. Ne5 Be6 7. Bf4 g6 8. e3 Bg7 9. h3 Nfd7 10. Nf3 b6 11. cxb6 Qxb6 12. Qd2 0-0 13. Na4 Qa7 14. Rc1 Rc8 15. Ng5 a5 16. Be2 c5 17. Nxe6 fxe6 18. 0-0 Na6 19. Bb5 Nb6 20. Bxa6 Qxa6 21. Nxc5 Nc4 22. Qe2 Qc6 23. b3 e5 24. Bg3 exd4 25. exd4 Nd6 26. Qe6+ Nf7 27. Qe3 Qf6 28. Ne6 Bh6 29. f4 Nd6 30. Qe5 Ne4 31. Kh2 Qxe5 32. dxe5 Rxc1 33. Rxc1 a4 34. b4 a3 35. b5 Kf7 36. Nd4 Ra4 37. Nc6 Nxg3 38. b6 Bxf4 39. b7 Nf5+ 40. g3 Bxc1 41. b8Q Rc4 42. e6+ Kg7 43. Qe5+ Kh6 44. Nd8 Re4 45. Nf7+ Kh5 46. Qxd5 Re2+ 47. Kh1 Re1+ 48. Kg2 Re2+ 49. Kf1 Re4 50. Qd1+ 1-0

[Event "LTU-chT"]
[Site "Vilnius"]
[Date "2013.02.09"]
[Round "4.2"]
[White "Labeckas, Kestutis"]
[Black "Burstein, Roman"]
[Result "1-0"]
[WhiteElo "2371"]
[BlackElo "2308"]
[PlyCount "67"]
[EventDate "2013.01.19"]
[EventType "team-swiss"]
[EventRounds "7"]
[EventCountry "LTU"]
[SourceTitle "CBM 152 Extra"]
[Source "ChessBase"]
[SourceDate "2013.02.25"]
[SourceVersion "1"]
[SourceVersionDate "2013.02.25"]
[SourceQuality "1"]
[WhiteTeam "Panevezys Babilonas"]
[BlackTeam "Vilnius Chess United"]
[WhiteTeamCountry "LTU"]
[BlackTeamCountry "LTU"]

1. d4 c5 2. d5 g6 3. e4 Bg7 4. c4 d6 5. Bd3 Na6 6. Nc3 Nc7 7. Nge2 Nf6 8. h3 0-0 9. 0-0 a6 10. a4 b6 11. f4 Rb8 12. Qc2 Bd7 13. b3 b5 14. Bb2 e6 15. axb5 axb5 16. dxe6 Bxe6 17. Nxb5 Nxb5 18. cxb5 Bd7 19. Nc3 Nh5 20. Nd5 Nf6 21. Nxf6+ Bxf6 22. e5 dxe5 23. fxe5 Bg7 24. Qxc5 Bxh3 25. Bc4 Bf5 26. Qe3 Qh4 27. Ra7 Bh6 28. Qf2 Qe4 29. Re1 Qg4 30. Ra4 Qg5 31. Bc1 Qxc1 32. Rxc1 Bxc1 33. Ra7 Rbd8 34. b6 1-0

[Event "Olympiad-40"]
[Site "Istanbul"]
[Date "2012.08.28"]
[Round "1.4"]
[White "Labeckas, Kestutis"]
[Black "Thompson, Edward Nii Lamptey"]
[Result "1-0"]
[WhiteElo "2378"]
[BlackElo "1834"]
[PlyCount "35"]
[EventDate "2012.08.28"]
[EventType "team-swiss"]
[EventRounds "11"]
[EventCountry "TUR"]
[SourceTitle "CBM 151"]
[Source "ChessBase"]
[SourceDate "2012.11.13"]
[SourceVersion "1"]
[SourceVersionDate "2012.11.13"]
[SourceQuality "1"]
[WhiteTeam "Lithuania"]
[BlackTeam "Ghana"]
[WhiteTeamCountry "LTU"]
[BlackTeamCountry "GHA"]

1. d4 Nf6 2. Bg5 g6 3. Bxf6 exf6 4. e3 d5 5. Bd3 Bg7 6. Ne2 0-0 7. Nf4 Nc6 8. c3 Ne7 9. Qf3 c6 10. Nd2 Nf5 11. h4 h5 12. Nxh5 Nd6 13. Nf4 f5 14. h5 g5 15. h6 Bf6 16. Nh5 Be7 17. 0-0-0 c5 18. dxc5 1-0

[Event "Panevezys IM"]
[Site "Panevezys"]
[Date "2012.08.18"]
[Round "8"]
[White "Labuckas, Aidas"]
[Black "Labeckas, Kestutis"]
[Result "1/2-1/2"]
[WhiteElo "2312"]
[BlackElo "2378"]
[PlyCount "81"]
[EventDate "2012.08.13"]
[EventType "tourn"]
[EventRounds "9"]
[EventCountry "LTU"]
[EventCategory "5"]
[SourceTitle "CBM 149 Extra"]
[Source "ChessBase"]
[SourceDate "2012.08.24"]
[SourceVersion "1"]
[SourceVersionDate "2012.08.24"]
[SourceQuality "1"]

1. e4 c6 2. d4 d5 3. exd5 cxd5 4. c3 Nc6 5. Nf3 Bg4 6. Be2 e6 7. Bf4 Bd6 8. Bxd6 Qxd6 9. 0-0 Nf6 10. Ne5 Bf5 11. Bb5 0-0 12. Qe2 Ne7 13. Nd2 a6 14. Bd3 Bxd3 15. Qxd3 Nd7 16. Ndf3 Ng6 17. Nxg6 hxg6 18. Rfe1 Qf4 19. Ne5 Nxe5 20. Rxe5 b5 21. g3 Qf6 22. h4 Rfb8 23. a3 a5 24. Kg2 b4 25. axb4 axb4 26. Rxa8 Rxa8 27. cxb4 Qe7 28. Qb5 Qf8 29. h5 gxh5 30. Rxh5 Rb8 31. Qc5 Qxc5 32. bxc5 Rxb2 33. Rh1 Rc2 34. Kf3 f6 35. Rd1 Kf7 36. Ke3 e5 37. dxe5 Rxc5 38. exf6 gxf6 39. Kd4 Rc2 40. Kxd5 Rxf2 41. Ke4 1/2-1/2

[Event "Panevezys IM"]
[Site "Panevezys"]
[Date "2012.08.16"]
[Round "5"]
[White "Labeckas, Kestutis"]
[Black "Vedrickas, Tautvydas"]
[Result "1/2-1/2"]
[WhiteElo "2378"]
[BlackElo "2344"]
[PlyCount "60"]
[EventDate "2012.08.13"]
[EventType "tourn"]
[EventRounds "9"]
[EventCountry "LTU"]
[EventCategory "5"]
[SourceTitle "CBM 149 Extra"]
[Source "ChessBase"]
[SourceDate "2012.08.24"]
[SourceVersion "1"]
[SourceVersionDate "2012.08.24"]
[SourceQuality "1"]

1. d4 Nf6 2. c4 e5 3. dxe5 Ng4 4. Nf3 Bc5 5. e3 Nc6 6. Be2 Ngxe5 7. Nxe5 Nxe5 8. 0-0 0-0 9. Nc3 a5 10. Ne4 Be7 11. b3 Ra6 12. Bb2 Re6 13. Ng3 Bc5 14. Bd4 b6 15. Bxc5 bxc5 16. Qd5 d6 17. f4 Nd7 18. e4 Nf6 19. Qd3 Bb7 20. Bf3 Qa8 21. e5 Bxf3 22. Rxf3 dxe5 23. fxe5 Rxe5 24. Raf1 Rfe8 25. Qc3 Rg5 26. Rf5 Re2 27. R1f2 Rxf2 28. Rxf2 h5 29. Qe3 Rg6 30. h3 Kh7 1/2-1/2